Learning Environment in Further Corporate Professional Education Under Digitalisation Conditions

Guardado en:
Detalles Bibliográficos
Autor principal: Matulčíková, Marta, 1964-
Otros Autores: Breveníková, Daniela, Duda, Małgorzata, Masár, Dušan, Bursová, Janka
Formato: Libro
Lenguaje:inglés
Publicado: České Budějovice Vysoká škola evropských a regionálních studií 2022
Edición:1st Edition
Materias:
Etiquetas: Agregar Etiqueta
Sin Etiquetas, Sea el primero en etiquetar este registro!

MARC

LEADER 00000nam a2200000 4500
001 0288945
005 20240502083924.9
020 |a 978-80-7556-110-7 
041 0 |a eng 
044 |a CZ 
245 1 0 |a Learning Environment in Further Corporate Professional Education Under Digitalisation Conditions  |c Marta Matulčíková, Daniela Breveníková ; Scientific Reviewers: Małgorzata Duda, Dušan Masár, Janka Bursová 
250 |a 1st Edition 
264 1 |a České Budějovice  |b Vysoká škola evropských a regionálních studií  |c 2022 
300 |a 119 s. [5,11 AH] 
610 2 0 |a zdroje ľudské 
610 2 0 |a riadenie podnikové 
610 2 0 |a vzdelávanie ďalšie 
610 2 0 |a vzdelávanie dospelých 
610 2 0 |a vzdelávanie celoživotné 
610 2 0 |a digitalizácia 
610 2 0 |a technológie informačné 
610 2 0 |a technológie komunikačné 
610 2 0 |a technológie nové 
100 1 |a Matulčíková, Marta, 1964- 
700 1 |a Breveníková, Daniela 
700 1 |a Duda, Małgorzata 
700 1 |a Masár, Dušan 
700 1 |a Bursová, Janka